[Event "Olympiad-45"]
[Site "Budapest"]
[Date "2024.09.19"]
[Round "8.2"]
[White "Stetsenko, Ilya"]
[Black "Winston Gerald, Mansfield Thomas"]
[Result "1-0"]
[WhiteElo "1903"]
[BlackElo "1950"]
[PlyCount "77"]
[EventDate "2024.09.11"]
[EventType "team-swiss"]
[EventRounds "11"]
[EventCountry "HUN"]
[SourceTitle "EXT 2025"]
[Source "ChessBase"]
[SourceDate "2024.10.14"]
[SourceVersion "1"]
[SourceVersionDate "2024.10.14"]
[SourceQuality "1"]
[WhiteTeam "Aruba"]
[BlackTeam "Sierra Leone"]
[WhiteTeamCountry "ARN"]
[BlackTeamCountry "SIE"]

1. d4 Nf6 2. c4 d6 3. Nc3 c6 4. e4 Qa5 5. f3 e6 6. Be3 d5 7. cxd5 exd5 8. e5 Ng8 9. a3 Be6 10. b4 Qd8 11. Bd3 Nd7 12. f4 g6 13. Nf3 Nb6 14. Nd2 Nh6 15. Qe2 Nf5 16. 0-0 a6 17. Nb3 Rb8 18. Nc5 Qe7 19. Nxe6 Qxe6 20. Bf2 h5 21. g3 Be7 22. Kg2 h4 23. g4 h3+ 24. Kh1 Nh6 25. Rg1 Nc4 26. Qf3 Bf8 27. f5 gxf5 28. gxf5 Qe7 29. e6 fxe6 30. fxe6 Kd8 31. Nxd5 cxd5 32. Qxd5+ Nd6 33. Be3 Rg8 34. Rxg8 Nxg8 35. Bg5 Qxg5 36. Qxg5+ Ne7 37. Rf1 Rc8 38. Rxf8+ Ne8 39. Bg6 1-0

[Event "Olympiad-45"]
[Site "Budapest"]
[Date "2024.09.16"]
[Round "6.82"]
[White "Stetsenko, Ilya"]
[Black "Bhakta, Bahadur Monger"]
[Result "1-0"]
[WhiteElo "1903"]
[BlackElo "1911"]
[PlyCount "87"]
[EventDate "2024.09.11"]
[EventType "team-swiss"]
[EventRounds "11"]
[EventCountry "HUN"]
[SourceTitle "EXT 2025"]
[Source "ChessBase"]
[SourceDate "2024.10.14"]
[SourceVersion "1"]
[SourceVersionDate "2024.10.14"]
[SourceQuality "1"]
[WhiteTeam "Aruba"]
[BlackTeam "Bhutan"]
[WhiteTeamCountry "ARN"]
[BlackTeamCountry "BTN"]

1. d4 Nf6 2. c4 e6 3. Nf3 Bb4+ 4. Bd2 Bxd2+ 5. Qxd2 0-0 6. Nc3 d5 7. e3 b6 8. cxd5 Nxd5 9. e4 Ne7 10. Bc4 Ba6 11. Bxa6 Nxa6 12. 0-0 c5 13. Rfd1 cxd4 14. Qxd4 Qxd4 15. Rxd4 Rfd8 16. Rad1 Nc6 17. Rd6 Rxd6 18. Rxd6 Rc8 19. h3 h6 20. Nd4 Nxd4 21. Rxd4 Nb8 22. Nb5 a6 23. Na7 Re8 24. Rd6 b5 25. e5 Kf8 26. b4 g5 27. g3 Ke7 28. Nc6+ Nxc6 29. Rxc6 Ra8 30. Rc7+ Ke8 31. Rb7 Kf8 32. Rb6 a5 33. a3 axb4 34. axb4 Ra1+ 35. Kg2 Re1 36. Rxb5 Re4 37. Kf3 Rd4 38. Rb8+ Kg7 39. b5 h5 40. Ke3 Rb4 41. b6 f6 42. exf6+ Kxf6 43. b7 h4 44. Rf8+ 1-0

[Event "Olympiad-45"]
[Site "Budapest"]
[Date "2024.09.14"]
[Round "4.86"]
[White "Stetsenko, Ilya"]
[Black "Heim, Colin Peter"]
[Result "1-0"]
[WhiteElo "1903"]
[BlackElo "1751"]
[PlyCount "43"]
[EventDate "2024.09.11"]
[EventType "team-swiss"]
[EventRounds "11"]
[EventCountry "HUN"]
[SourceTitle "EXT 2025"]
[Source "ChessBase"]
[SourceDate "2024.10.14"]
[SourceVersion "1"]
[SourceVersionDate "2024.10.14"]
[SourceQuality "1"]
[WhiteTeam "Aruba"]
[BlackTeam "US Virgin Islands"]
[WhiteTeamCountry "ARN"]
[BlackTeamCountry "ISV"]

1. Nf3 d5 2. e3 Nf6 3. c4 e6 4. b3 c5 5. Bb2 Be7 6. Be2 Nc6 7. cxd5 exd5 8. d4 0-0 9. 0-0 b6 10. Nc3 cxd4 11. Nxd4 Nxd4 12. Qxd4 Bc5 13. Qd3 Bb7 14. Rfd1 Qd7 15. Bf3 Rad8 16. Ne2 Ne8 17. Nf4 Nc7 18. Qc3 f6 19. b4 Nb5 20. Qb3 Be7 21. Bxd5+ Bxd5 22. Rxd5 1-0

[Event "Olympiad-45"]
[Site "Budapest"]
[Date "2024.09.13"]
[Round "3.81"]
[White "Young, Christopher1"]
[Black "Stetsenko, Ilya"]
[Result "0-1"]
[WhiteElo "1758"]
[BlackElo "1903"]
[PlyCount "56"]
[EventDate "2024.09.11"]
[EventType "team-swiss"]
[EventRounds "11"]
[EventCountry "HUN"]
[SourceTitle "EXT 2025"]
[Source "ChessBase"]
[SourceDate "2024.10.14"]
[SourceVersion "1"]
[SourceVersionDate "2024.10.14"]
[SourceQuality "1"]
[WhiteTeam "Cayman Islands"]
[BlackTeam "Aruba"]
[WhiteTeamCountry "CAY"]
[BlackTeamCountry "ARN"]

1. d4 Nf6 2. c4 e6 3. Nf3 b6 4. g3 Ba6 5. Qc2 c5 6. Bg2 Bb7 7. 0-0 cxd4 8. Nxd4 Bxg2 9. Kxg2 Be7 10. e4 d6 11. Nc3 0-0 12. Qe2 a6 13. f4 Qc7 14. Be3 Nbd7 15. g4 Nc5 16. Qf3 Nd3 17. g5 Nd7 18. f5 Qxc4 19. fxe6 fxe6 20. Qh3 N7c5 21. Nc6 Rfe8 22. Qf3 Ne5 23. Nxe5 dxe5 24. g6 Rf8 25. Qh5 hxg6 26. Qxg6 Rxf1 27. Rxf1 Rf8 28. Bh6 Qxf1+ 0-1

[Event "Olympiad-44"]
[Site "Chennai"]
[Date "2022.08.08"]
[Round "10.4"]
[White "Stetsenko, Ilya"]
[Black "Frick, Renato"]
[Result "1-0"]
[WhiteElo "1683"]
[BlackElo "1900"]
[PlyCount "117"]
[EventDate "2022.07.29"]
[EventType "team-swiss"]
[EventRounds "11"]
[EventCountry "IND"]
[SourceTitle "CBM 210"]
[Source "ChessBase"]
[SourceDate "2022.10.31"]
[SourceVersion "1"]
[SourceVersionDate "2022.10.31"]
[SourceQuality "1"]
[WhiteTeam "Aruba"]
[BlackTeam "Liechtenstein"]
[WhiteTeamCountry "ARN"]
[BlackTeamCountry "LIE"]

1. e4 c5 2. Nf3 Nc6 3. d4 cxd4 4. Nxd4 g6 5. c4 Bg7 6. Be3 Nf6 7. Nc3 0-0 8. Be2 d6 9. 0-0 Bd7 10. Qd2 Ng4 11. Bxg4 Bxg4 12. f3 Be6 13. Nd5 Rc8 14. Rac1 Bd7 15. b3 Re8 16. Rfd1 h5 17. Nb5 Be6 18. Nxa7 Nxa7 19. Bxa7 Bxd5 20. exd5 e5 21. dxe6 Rxe6 22. Bd4 Bf8 23. Bb2 Kh7 24. f4 Qh4 25. Qf2 Qg4 26. h3 Qf5 27. Rd5 Qe4 28. Qc2 Qe3+ 29. Kh1 Qxf4 30. Rxh5+ Bh6 31. Rg1 Qe4 32. Qxe4 Rxe4 33. Rb5 Re2 34. Ba3 Bf4 35. Rxb7 Kg7 36. Rf1 g5 37. Bc1 Bxc1 38. Rxc1 Rxa2 39. Rf1 Rf8 40. Rd1 Re8 41. Rd3 Ree2 42. Rg3 Kg6 43. h4 f6 44. hxg5 fxg5 45. Rb5 Re5 46. Rxe5 dxe5 47. Rc3 Kf5 48. c5 g4 49. g3 Ra8 50. c6 Ke6 51. b4 Kd6 52. b5 Kc7 53. Kg2 Ra2+ 54. Kf1 Rb2 55. Rc5 Rb3 56. Rxe5 Rxg3 57. Re7+ Kd8 58. Rd7+ Kc8 59. b6 1-0

[Event "Olympiad-44"]
[Site "Chennai"]
[Date "2022.08.06"]
[Round "8.4"]
[White "Coulibaly, Abdoulaye"]
[Black "Stetsenko, Ilya"]
[Result "0-1"]
[WhiteElo "1936"]
[BlackElo "1683"]
[PlyCount "120"]
[EventDate "2022.07.29"]
[EventType "team-swiss"]
[EventRounds "11"]
[EventCountry "IND"]
[SourceTitle "CBM 210"]
[Source "ChessBase"]
[SourceDate "2022.10.31"]
[SourceVersion "1"]
[SourceVersionDate "2022.10.31"]
[SourceQuality "1"]
[WhiteTeam "Mali"]
[BlackTeam "Aruba"]
[WhiteTeamCountry "MLI"]
[BlackTeamCountry "ARN"]

1. e4 c6 2. d4 d5 3. Nc3 dxe4 4. Nxe4 Nd7 5. Nf3 Ngf6 6. Bd3 Nxe4 7. Bxe4 Nf6 8. Qd3 Nxe4 9. Qxe4 Qd5 10. Qf4 Qf5 11. 0-0 Qxc2 12. Re1 Qf5 13. Qc7 Qd7 14. Qa5 b6 15. Qc3 Bb7 16. Bf4 e6 17. Ne5 Qd5 18. Qg3 g6 19. Ng4 Bg7 20. Be5 Bxe5 21. dxe5 0-0-0 22. h3 c5 23. Nf6 Qd3 24. Re3 Qd2 25. b3 Qb2 26. Rae1 Qxa2 27. Ne4 Bxe4 28. Rxe4 Qc2 29. Ra4 Rd1 30. Rxd1 Qxd1+ 31. Kh2 Kb8 32. Qf4 Qd7 33. Ra2 Rd8 34. g3 Qc7 35. Qa4 Rd5 36. Re2 Qd7 37. Qf4 h5 38. Qh6 Kb7 39. Qe3 Rd1 40. Qf3+ Kb8 41. g4 hxg4 42. hxg4 Qb7 43. Qf6 Qh1+ 44. Kg3 Rg1+ 45. Kf4 Qh6+ 46. g5 Qh4+ 47. Ke3 Qxg5+ 48. Qxg5 Rxg5 49. Kf4 Rf5+ 50. Kg4 Kc7 51. f4 Rh5 52. Ra2 a5 53. Rd2 b5 54. Rd6 Rf5 55. Ra6 c4 56. bxc4 bxc4 57. Rxa5 Kb6 58. Ra8 Kc5 59. Rg8 Kd4 60. Kf3 g5 0-1

[Event "Online Olym Div4 D"]
[Site "Chess.com INT"]
[Date "2021.08.21"]
[Round "6.2"]
[White "Niamkey, Elijah Pharell"]
[Black "Stetsenko, Ilya"]
[Result "0-1"]
[WhiteElo "1515"]
[BlackElo "1683"]
[PlyCount "78"]
[EventDate "2021.08.20"]
[EventType "team (rapid)"]
[EventRounds "11"]
[EventCountry "USA"]
[SourceTitle "CBM 203 Extra"]
[Source "ChessBase"]
[SourceDate "2021.09.30"]
[SourceVersion "1"]
[SourceVersionDate "2021.09.30"]
[SourceQuality "1"]
[WhiteTeam "Ivory Coast"]
[BlackTeam "Aruba"]
[WhiteTeamCountry "IVO"]
[BlackTeamCountry "ARN"]

1. e4 c6 2. d4 d5 3. exd5 cxd5 4. Bd3 Nc6 5. c3 Nf6 6. Bf4 Bg4 7. Nf3 e6 8. h3 Bh5 9. Nbd2 Bd6 10. Bg5 h6 11. Be3 0-0 12. 0-0 Bxf3 13. Nxf3 Rb8 14. Qd2 Ne4 15. Qc2 f5 16. c4 Nb4 17. Qb3 Nxd3 18. Qxd3 f4 19. cxd5 exd5 20. Qb3 Nf6 21. Bd2 Qd7 22. Ne5 Qf5 23. Rfe1 Rfe8 24. Bb4 Bxe5 25. dxe5 Rxe5 26. Qa3 Rxe1+ 27. Rxe1 a6 28. Qa4 f3 29. Qd1 fxg2 30. Kxg2 Ne4 31. Qc2 Qg5+ 32. Kh2 Qf4+ 33. Kg2 Ng5 34. Bd2 Qf3+ 35. Kf1 Qxh3+ 36. Ke2 Qf3+ 37. Kf1 Ne4 38. Be3 Ng3+ 39. Kg1 Qh1# 0-1

[Event "Online Olym Div4 E"]
[Site "Chess.com INT"]
[Date "2020.08.02"]
[Round "8.1"]
[White "Pride, Avian"]
[Black "Stetsenko, Ilya"]
[Result "1-0"]
[WhiteElo "1208"]
[BlackElo "1596"]
[PlyCount "61"]
[EventDate "2020.07.31"]
[EventType "team-tourn (rapid)"]
[EventRounds "9"]
[EventCountry "USA"]
[SourceTitle "CBM 198"]
[Source "ChessBase"]
[SourceDate "2020.10.31"]
[SourceVersion "1"]
[SourceVersionDate "2020.10.31"]
[SourceQuality "1"]
[WhiteTeam "Bahamas"]
[BlackTeam "Aruba"]
[WhiteTeamCountry "BAH"]
[BlackTeamCountry "ARN"]

1. d4 Nf6 2. Nf3 g6 3. Bg5 Bg7 4. Bxf6 Bxf6 5. e3 d6 6. Bd3 0-0 7. Nc3 c5 8. d5 a6 9. 0-0 b5 10. e4 b4 11. Ne2 Bxb2 12. Rb1 Bg7 13. Re1 Nd7 14. Qd2 Nb6 15. Nf4 a5 16. e5 dxe5 17. Nxe5 Qd6 18. Nc6 Bc3 19. Qe3 Bxe1 20. Nxe7+ Kh8 21. Rxe1 Bb7 22. Bxg6 fxg6 23. Nfxg6+ Kg7 24. Nxf8 Rxf8 25. Qg5+ Kh8 26. Re6 Qd8 27. Rh6 Qc7 28. Ng6+ Kg8 29. Nxf8+ Kxf8 30. Qf6+ Ke8 31. Qh8+ 1-0

[Event "Online Olym Div4 E"]
[Site "Chess.com INT"]
[Date "2020.07.31"]
[Round "1.2"]
[White "McKennis, Darren"]
[Black "Stetsenko, Ilya"]
[Result "1-0"]
[WhiteElo "1735"]
[BlackElo "1596"]
[PlyCount "37"]
[EventDate "2020.07.31"]
[EventType "team-tourn (rapid)"]
[EventRounds "9"]
[EventCountry "USA"]
[SourceTitle "CBM 198"]
[Source "ChessBase"]
[SourceDate "2020.10.31"]
[SourceVersion "1"]
[SourceVersionDate "2020.10.31"]
[SourceQuality "1"]
[WhiteTeam "Jamaica"]
[BlackTeam "Aruba"]
[WhiteTeamCountry "JAM"]
[BlackTeamCountry "ARN"]

1. d4 Nf6 2. c4 e6 3. Nc3 Bb4 4. Qc2 0-0 5. Nf3 d6 6. a3 Bxc3+ 7. Qxc3 Nbd7 8. Bf4 b6 9. e3 Bb7 10. Bd3 Re8 11. Rd1 Qe7 12. Bg3 e5 13. Be2 Ne4 14. Qc2 f5 15. c5 bxc5 16. Qb3+ Kh8 17. Qxb7 Nb6 18. dxe5 dxe5 19. Bxe5 1-0

[Event "ARU-ch"]
[Site "Surfside Marina"]
[Date "2019.06.08"]
[Round "2"]
[White "Stetsenko, Ilya"]
[Black "Diaz, Maria MA"]
[Result "1-0"]
[WhiteElo "1464"]
[BlackElo "1855"]
[PlyCount "111"]
[EventDate "2019.06.07"]
[EventType "tourn"]
[EventRounds "9"]
[EventCountry "ARN"]
[SourceTitle "EXT 2024"]
[Source "ChessBase"]
[SourceDate "2023.10.10"]
[SourceVersion "1"]
[SourceVersionDate "2023.10.10"]
[SourceQuality "1"]

1. d4 d5 2. c4 Nf6 3. cxd5 Nxd5 4. e4 Nb6 5. Nc3 e6 6. Be3 Be7 7. Nf3 0-0 8. Be2 N8d7 9. 0-0 c5 10. Qc2 Qc7 11. dxc5 Nxc5 12. Nb5 Qc6 13. Bxc5 Qxc5 14. Qxc5 Bxc5 15. Rac1 Nd7 16. Rfd1 Bb6 17. Nd6 Nf6 18. Ne5 g6 19. Rc2 Ba5 20. Rdc1 Bd7 21. Nxd7 Nxd7 22. Nxb7 Bb6 23. Kf1 Rab8 24. Nd6 Bd4 25. b3 Be5 26. Nc4 Bf4 27. Rd1 Nf6 28. g3 Bh6 29. Bf3 Rfd8 30. Rxd8+ Rxd8 31. Ke2 Rd4 32. e5 Nd7 33. Bg2 Bg7 34. f4 Bf8 35. Rd2 Rxd2+ 36. Nxd2 Nc5 37. Nc4 Be7 38. Nd6 Na6 39. a3 Kf8 40. b4 Nc7 41. Nc8 Nb5 42. Nxe7 Kxe7 43. a4 Nc3+ 44. Kd3 Nxa4 45. Kc4 Kd7 46. Kb5 Nb6 47. Ka6 Nd5 48. Bxd5 exd5 49. Kb5 Ke6 50. Kc5 g5 51. Kd4 gxf4 52. gxf4 h6 53. b5 h5 54. f5+ Kxf5 55. Kxd5 h4 56. Kc6 1-0

[Event "American Continental 14th"]
[Site "Montevideo"]
[Date "2018.06.09"]
[Round "10"]
[White "Araujo, Daniel"]
[Black "Stetsenko, Ilya"]
[Result "1-0"]
[WhiteElo "1529"]
[BlackElo "1461"]
[PlyCount "75"]
[EventDate "2018.06.01"]
[EventType "swiss"]
[EventRounds "11"]
[EventCountry "URU"]
[SourceTitle "CBM 184 Extra"]
[Source "ChessBase"]
[SourceDate "2018.06.28"]
[SourceVersion "1"]
[SourceVersionDate "2018.06.28"]
[SourceQuality "1"]

1. d4 Nf6 2. c4 e6 3. Nf3 b6 4. Nc3 Bb4 5. a3 Bxc3+ 6. bxc3 0-0 7. Bg5 Bb7 8. e3 h6 9. Bh4 d6 10. Bd3 Nbd7 11. 0-0 c5 12. Qe2 e5 13. dxe5 dxe5 14. Nd2 Qe7 15. Ne4 Rad8 16. Rad1 Bxe4 17. Bxe4 g5 18. Bc2 gxh4 19. f4 e4 20. Qf2 Ng4 21. Qe2 f5 22. Qe1 h3 23. gxh3 Qg7 24. hxg4 Qxg4+ 25. Qg3 Qxg3+ 26. hxg3 Nf6 27. Kf2 Ng4+ 28. Ke2 Kf7 29. Rd5 Rxd5 30. cxd5 c4 31. Ba4 a6 32. Bc6 Rd8 33. a4 Nf6 34. Rd1 Ke7 35. Rd4 Kd6 36. Rxc4 Nxd5 37. Bxd5 Kxd5 38. Rd4+ 1-0

[Event "ARU-ch"]
[Site "Oranjestad"]
[Date "2018.04.08"]
[Round "5"]
[White "Jacopucci, Enrique"]
[Black "Stetsenko, Ilya"]
[Result "1-0"]
[WhiteElo "1609"]
[BlackElo "1340"]
[PlyCount "44"]
[EventDate "2018.04.06"]
[EventType "tourn"]
[EventRounds "9"]
[EventCountry "ARN"]
[SourceTitle "EXT 2024"]
[Source "ChessBase"]
[SourceDate "2023.10.10"]
[SourceVersion "1"]
[SourceVersionDate "2023.10.10"]
[SourceQuality "1"]

1. d4 Nf6 2. c4 e6 3. Nc3 Bb4 4. Qc2 0-0 5. e3 c5 6. Bd3 b6 7. Nge2 Bb7 8. 0-0 h6 9. a3 Bxc3 10. Nxc3 cxd4 11. exd4 d5 12. Be3 dxc4 13. Bxc4 Nc6 14. Rfd1 Ne7 15. Rac1 Rc8 16. Ba2 Ned5 17. Qd2 Qd7 18. Bb1 Rcd8 19. Bxh6 gxh6 20. Qxh6 Rfe8 21. Rd3 Ng4 22. Rg3 e5 1-0

[Event "ARU-ch"]
[Site "Oranjestad"]
[Date "2018.04.06"]
[Round "1"]
[White "Croes, Octavio"]
[Black "Stetsenko, Ilya"]
[Result "1/2-1/2"]
[WhiteElo "1814"]
[BlackElo "1340"]
[PlyCount "119"]
[EventDate "2018.04.06"]
[EventType "tourn"]
[EventRounds "9"]
[EventCountry "ARN"]
[SourceTitle "EXT 2024"]
[Source "ChessBase"]
[SourceDate "2023.10.10"]
[SourceVersion "1"]
[SourceVersionDate "2023.10.10"]
[SourceQuality "1"]

1. g3 Nf6 2. Bg2 e6 3. c4 d5 4. e3 Be7 5. Nf3 0-0 6. 0-0 b6 7. b3 Ne4 8. d3 Bf6 9. Nd4 Bxd4 10. exd4 Nf6 11. Nc3 h6 12. Be3 Bb7 13. g4 Nh7 14. f4 Na6 15. a3 Rb8 16. f5 e5 17. Nxd5 exd4 18. Bf4 Nf6 19. Nxf6+ Qxf6 20. Bxb7 Rxb7 21. Qf3 Rbb8 22. b4 Qe7 23. Rae1 Qd7 24. Re4 Rbe8 25. Qg3 Rxe4 26. dxe4 d3 27. Qe3 Rd8 28. Rd1 Qd4 29. Qxd4 Rxd4 30. Kf2 Rxe4 31. Kf3 Rxc4 32. Rxd3 Kh7 33. h4 Nb8 34. b5 a6 35. Rd8 Rc3+ 36. Be3 axb5 37. Rxb8 Rxa3 38. Ke4 b4 39. Bf4 b3 40. Bxc7 Ra4+ 41. Kd3 Rb4 42. Rxb6 Rxg4 43. Bd8 Rf4 44. Rb5 f6 45. Kc3 Rxh4 46. Kxb3 Rh1 47. Kc4 Rc1+ 48. Kb4 Rb1+ 49. Kc5 Rxb5+ 50. Kxb5 h5 51. Kc6 Kh6 52. Kd5 Kg5 53. Ke6 h4 54. Bc7 h3 55. Bh2 g6 56. fxg6 Kxg6 57. Kd5 Kf5 58. Kd4 Kg4 59. Ke3 f5 60. Bf4 1/2-1/2

[Event "Aruba op"]
[Site "Aruba"]
[Date "2017.10.08"]
[Round "7"]
[White "Mora Moron, Jose Ramon"]
[Black "Stetsenko, Ilya"]
[Result "1-0"]
[WhiteElo "2139"]
[BlackElo "1244"]
[PlyCount "129"]
[EventDate "2017.10.05"]
[EventType "swiss"]
[EventRounds "7"]
[EventCountry "ARN"]
[SourceTitle "CBM 181 Extra"]
[Source "ChessBase"]
[SourceDate "2017.12.12"]
[SourceVersion "1"]
[SourceVersionDate "2017.12.12"]
[SourceQuality "1"]

1. e4 c5 2. Nf3 Nc6 3. d4 cxd4 4. Nxd4 e5 5. Nb5 a6 6. Nd6+ Bxd6 7. Qxd6 Qf6 8. Qd2 Qg6 9. f3 Nge7 10. c4 d6 11. Nc3 Nd4 12. Bd3 0-0 13. Qg5 Qxg5 14. Bxg5 f6 15. Be3 Ne6 16. 0-0-0 Bd7 17. Be2 Nc8 18. c5 Rd8 19. cxd6 Bc6 20. Bc4 Kf7 21. Bc5 b6 22. Ba3 b5 23. Bb3 a5 24. Bc5 a4 25. Bxe6+ Kxe6 26. Nd5 Bxd5 27. Rxd5 Nxd6 28. Rhd1 Nb7 29. Bb4 Rac8+ 30. Kb1 Rc4 31. Rxd8 Nxd8 32. Rd6+ Kf7 33. a3 Ne6 34. Rd7+ Kg6 35. Rb7 Nd4 36. Bc3 Rc5 37. Rd7 Nb3 38. Kc2 Nd4+ 39. Kd3 Ne6 40. g3 Rc7 41. Rd5 Rc5 42. Rd6 Kf7 43. h4 Rc7 44. Ke3 Rb7 45. Rd5 Ke8 46. f4 exf4+ 47. gxf4 Kf7 48. Bb4 g6 49. Rd6 Ng7 50. Bc3 Nh5 51. Kf3 Ke7 52. Ra6 Rd7 53. Ke3 Rd1 54. Ra7+ Rd7 55. Ra8 Rd1 56. Rh8 Rh1 57. Rxh7+ Ke8 58. f5 Rh3+ 59. Kd4 Nf4 60. fxg6 Nxg6 61. Kc5 Rxh4 62. Rxh4 Nxh4 63. Bxf6 Nf3 64. Kxb5 Nd2 65. e5 1-0

[Event "Aruba op"]
[Site "Aruba"]
[Date "2017.10.06"]
[Round "2"]
[White "Stetsenko, Ilya"]
[Black "Croeze, Ethan Samuel"]
[Result "1/2-1/2"]
[WhiteElo "1244"]
[BlackElo "1353"]
[PlyCount "88"]
[EventDate "2017.10.05"]
[EventType "swiss"]
[EventRounds "7"]
[EventCountry "ARN"]
[SourceTitle "CBM 181 Extra"]
[Source "ChessBase"]
[SourceDate "2017.12.12"]
[SourceVersion "1"]
[SourceVersionDate "2017.12.12"]
[SourceQuality "1"]

1. e4 e5 2. Nf3 Nc6 3. Bb5 a6 4. Ba4 Nf6 5. Qe2 b5 6. Bb3 Be7 7. a4 Bb7 8. d3 d6 9. a5 0-0 10. 0-0 h6 11. c3 Nb8 12. Bc2 c5 13. d4 Nc6 14. dxe5 dxe5 15. c4 b4 16. Nbd2 Qc7 17. Nb3 Bc8 18. Be3 Nd4 19. Bxd4 exd4 20. e5 Nh7 21. Qe4 g6 22. Qxa8 Bb7 23. Qa7 Ra8 24. Qb6 Qc8 25. Bxg6 fxg6 26. Qxg6+ Kh8 27. Qd3 Qe6 28. Rfe1 Rg8 29. Kf1 Qg4 30. Ke2 Be4 31. Qd2 Bg5 32. Qd1 Bf4 33. Nxc5 d3+ 34. Nxd3 Rd8 35. h3 Qxg2 36. Nh4 Qxh3 37. Nxf4 Qg4+ 38. f3 Bxf3+ 39. Nxf3 Rxd1 40. Raxd1 Qxf4 41. Rd8+ Kg7 42. Rg1+ Ng5 43. Nxg5 hxg5 44. Rd7+ Kg6 1/2-1/2

[Event "Wch U14"]
[Site "Montevideo"]
[Date "2017.09.25"]
[Round "10"]
[White "Stetsenko, Ilya"]
[Black "Huanca Perez, Joaquin"]
[Result "0-1"]
[WhiteElo "1317"]
[BlackElo "1659"]
[PlyCount "35"]
[EventDate "2017.09.17"]
[EventType "swiss"]
[EventRounds "11"]
[EventCountry "URU"]
[SourceTitle "EXT 2018"]
[Source "ChessBase"]
[SourceDate "2017.10.13"]
[SourceVersion "1"]
[SourceVersionDate "2017.10.13"]
[SourceQuality "1"]

1. e4 c5 2. Nf3 Nc6 3. d4 cxd4 4. Nxd4 e5 5. Nb5 a6 6. Nd6+ Bxd6 7. Qxd6 Qf6 8. Qxf6 Nxf6 9. Nc3 d5 10. exd5 Nb4 11. Bd3 Nxd3+ 12. cxd3 Bf5 13. Ke2 h6 14. Re1 0-0-0 15. Kd2 Rhe8 16. d4 exd4 17. Rxe8 dxc3+ 18. Kxc3 0-1

[Event "Wch U14"]
[Site "Montevideo"]
[Date "2017.09.19"]
[Round "4"]
[White "Stetsenko, Ilya"]
[Black "Wong Pages, Juan Diego"]
[Result "0-1"]
[WhiteElo "1317"]
[BlackElo "1728"]
[PlyCount "38"]
[EventDate "2017.09.17"]
[EventType "swiss"]
[EventRounds "11"]
[EventCountry "URU"]
[SourceTitle "CBM 180 Extra"]
[Source "ChessBase"]
[SourceDate "2017.10.06"]
[SourceVersion "1"]
[SourceVersionDate "2017.10.06"]
[SourceQuality "1"]

1. e4 c5 2. b3 d6 3. Bb2 Nf6 4. Bb5+ Bd7 5. Bxd7+ Nbxd7 6. Nc3 g6 7. f4 Bg7 8. d3 0-0 9. Qd2 Rb8 10. a4 b6 11. 0-0-0 a6 12. Nf3 b5 13. Qe2 bxa4 14. Nxa4 Nb6 15. Nxb6 Qxb6 16. g4 a5 17. e5 Nd5 18. Qe4 Nb4 19. Qc4 d5 0-1